|
|
|
|
| LEADER |
01985nam a2200409 a 4500 |
| 001 |
019524058 |
| 007 |
vd cvaizk |
| 008 |
110523s2011 enka b 001 0 eng |
| 020 |
|
|
|a 9780230729841
|
| 020 |
|
|
|a 0230729843
|
| 020 |
|
|
|a 9780230729827 (pbk.)
|
| 020 |
|
|
|a 0230729827 (pbk.)
|
| 020 |
|
|
|a 9780230729834 (DVD)
|
| 020 |
|
|
|a 0230729835 (DVD)
|
| 040 |
|
|
|a EQF
|c EQF
|d U2C
|d SISRL
|d YDXCP
|d FHM
|d BD-DhAAL
|
| 082 |
0 |
0 |
|a 370.15/23
|2 22
|
| 100 |
1 |
|
|a Scrivener, Jim
|
| 245 |
1 |
0 |
|a Learning teaching :
|b the essential guide to English language teaching /
|c Jim Scrivener.
|
| 250 |
|
|
|a 3rd ed.
|
| 260 |
|
|
|a [Oxford] :
|b Macmillan Education,
|c 2011.
|
| 300 |
|
|
|a 416 p. :
|b ill. ;
|c 25 cm. +
|e 1 videodisc (sd., col. ; 4 3/4 in.)
|
| 490 |
1 |
|
|a Macmillan books for teachers
|8 SF
|
| 500 |
|
|
|a First published: 1994.
|8 SF
|
| 504 |
|
|
|a Includes bibliographical references and index.
|8 SF
|
| 541 |
|
|
|e 00024382
|
| 650 |
|
0 |
|a Learning, Psychology of
|
| 650 |
|
0 |
|a English language
|x Study and teaching
|v Textbooks
|
| 650 |
|
0 |
|a Teaching
|x Methodology
|
| 650 |
|
0 |
|a Teachers
|x Training of
|
| 830 |
|
0 |
|a Macmillan books for teachers.
|8 SF
|
| 852 |
1 |
|
|a Ayesha Abed Library
|c General shelf.
|
| 942 |
0 |
0 |
|0 1
|
| 999 |
|
|
|c 11845
|d 11845
|
| 952 |
|
|
|0 0
|1 0
|2 ddc
|4 0
|6 370_152300000000000_SCR
|7 0
|9 19328
|a BRACUL
|b BRACUL
|c GEN
|d 2012-01-24
|e karim International
|g 1900.00
|l 9
|m 107
|o 370.1523 SCR
|p 3010024382
|r 2026-01-03
|s 2025-10-07
|t 1
|w 2012-01-31
|y BK
|
| 952 |
|
|
|0 0
|1 0
|2 ddc
|4 0
|6 370_152300000000000_SCR
|7 0
|9 19329
|a BRACUL
|b BRACUL
|c GEN
|d 2012-01-24
|e karim International
|g 1900.00
|l 13
|m 37
|o 370.1523 SCR
|p 3010024383
|q 2026-09-16
|r 2026-05-19
|s 2026-05-19
|t 2
|w 2012-01-31
|y BK
|x Koha Inventory 2020
|
| 952 |
|
|
|0 0
|1 0
|2 ddc
|4 0
|6 370_152300000000000_SCR
|7 0
|9 19330
|a BRACUL
|b BRACUL
|c AV
|d 2012-01-24
|l 0
|o 370.1523 SCR
|p 4010024382
|r 2012-01-31
|t 1
|w 2012-01-31
|y AV
|
| 952 |
|
|
|0 0
|1 0
|2 ddc
|4 0
|6 370_152300000000000_SCR
|7 0
|9 19331
|a BRACUL
|b BRACUL
|c AV
|d 2012-01-24
|l 0
|o 370.1523 SCR
|p 4010024383
|r 2012-01-31
|t 2
|w 2012-01-31
|y AV
|